The Constitution of India / (Record no. 4611)
[ view plain ]
| 000 -LEADER | |
|---|---|
| fixed length control field | 00649mam a2200241 i 4500 |
| 001 - CONTROL NUMBER | |
| control field | 4611 |
| 003 - CONTROL NUMBER IDENTIFIER | |
| rucl marc code | BD-RjUL |
| 005 - DATE AND TIME OF LATEST TRANSACTION | |
| control field | 20211208233925.0 |
| 008 - FIXED-LENGTH DATA ELEMENTS--GENERAL INFORMATION | |
| fixed length control field | 131223s1961 ii 00| 0 eng d |
| 035 ## - SYSTEM CONTROL NUMBER | |
| System control number | (OCoLC)ocm06985696 |
| System control number | (OCoLC)ocm06985696 |
| System control number | (BD-RjUL)4646 |
| 040 ## - CATALOGING SOURCE | |
| Original cataloging agency | UNA |
| Transcribing agency | UNA |
| Language of cataloging | eng |
| Modifying agency | BD-RjUL |
| 041 ## - LANGUAGE CODE | |
| Language code of text/sound track or separate title | eng |
| 082 0# - DEWEY DECIMAL CLASSIFICATION NUMBER | |
| Classification number | 342.54 |
| Author mark and year | ANC 1961 |
| 100 1# - MAIN ENTRY--PERSONAL NAME | |
| Personal name | Anand,C.L |
| 9 (RLIN) | 14547 |
| 245 14 - TITLE STATEMENT | |
| Title | The Constitution of India / |
| Statement of responsibility, etc. | by C.L Anand |
| 260 ## - PUBLICATION, DISTRIBUTION, ETC. (IMPRINT) | |
| Place of publication, distribution, etc. | allahabade: |
| Name of publisher, distributor, etc. | law book com., |
| Date of publication, distribution, etc. | 1961. |
| 300 ## - PHYSICAL DESCRIPTION | |
| Pagination | xix, 520 p. : |
| Size | 23 cm. |
| 504 ## - BIBLIOGRAPHY, ETC. NOTE | |
| Bibliography, etc | includes index |
| 650 #0 - SUBJECT ADDED ENTRY--TOPICAL TERM | |
| Topical term or geographic name as entry element | Constitutional law |
| Geographic subdivision | India. |
| 9 (RLIN) | 13751 |
| 942 ## - ADDED ENTRY ELEMENTS (KOHA) | |
| Source of classification or shelving scheme | Dewey Decimal Classification |
| Koha item type | Books |
| Lost status | Source of classification or shelving scheme | Damaged status | Not for loan | Collection code | Permanent Location | Current Location | Shelving location | Date acquired | Source of acquisition | Cost, normal purchase price | Total Checkouts | Full call number | Date last seen | Copy number | Koha item type |
|---|---|---|---|---|---|---|---|---|---|---|---|---|---|---|---|
| Dewey Decimal Classification | Not For Loan | Non-fiction | Central Library, University of Rajshahi | Central Library, University of Rajshahi | 28/05/1964 | Pak .law hose | 20.00 | 342.54 ANC 1961 | 23/12/2013 | C-1 | Books | ||||
| Dewey Decimal Classification | Non-fiction | Central Library, University of Rajshahi | Central Library, University of Rajshahi | 20/12/1966 | Jonathan Wren & Co. | 11.95 | 342.54 ANC 1961 | 28/07/2016 | C-2 | Books |